Teoría literaria

Tallennettuna:
Bibliografiset tiedot
Päätekijä: Wellek, René (Tekijä)
Aineistotyyppi: Kirja
Kieli:espanja
Julkaistu: Madrid Gredos 1962
Painos:3a. ed
Sarja:Biblioteca Románica Hispánica. Tratados y Monografías, 2
Aiheet:
Tagit: Lisää tagi
Ei tageja, Lisää ensimmäinen tagi!

MARC

LEADER 00000nam a2200000 a 4500
001 UCM0820
003 CL-VaPUC
008 020315e19620000SP |||||||||||||||||spa|d
082 0 4 |a 801  |b WEL  |2 21 
100 0 |a Wellek, René  |e author  |9 467822 
245 1 0 |a Teoría literaria 
250 |a 3a. ed 
300 |a 430 p 
942 |c BK 
945 |d 20020315 00:00:00  |a vberengu 
260 |a Madrid  |b Gredos  |c 1962 
650 7 |a LITERATURA TEORIA  |2 CL-VaPUC  |9 316996 
650 7 |a LITERATURA HISTORIA Y CRITICA  |2 CL-VaPUC  |9 467823 
583 |a last modification  |c 20020315 00:00:00  |k Rodrigo Vera 
490 0 |a Biblioteca Románica Hispánica. Tratados y Monografías, 2 
999 |c 299638  |d 299636 
952 |0 0  |1 0  |4 0  |6 801_000000000000000_WEL_1962  |7 0  |8 A  |9 356380  |a BIBEDU  |b BIBEDU  |d 2019-11-21  |i 3798135  |l 1  |o 801 WEL 1962  |p 3798135  |r 2024-04-01  |s 2024-04-01  |w 2019-11-21  |y BK  |k LIT